000 01506ngm a22003730a 4500
001 PT50891
003 AR-LpoUNG
005 20210202000040.0
007 vd cvaizq
008 191001s2005||||ag |||||||||||||||||spa d
037 _c$6
040 _aAR-LpoUNG
_bspa
_cAR-LpoUNG
_eaacr
041 _aspa
044 _aag
082 0 _a307.72 297bue
100 1 _aVargas Villazón, Fernando
_edir.
245 1 0 _aDí buen día a papá
260 _aBuenos Aires :
_bSBP,
_c2005.
300 _aDVD (115 min.) : son., col.
505 0 _aCoproducción de Imagen Propia (Bolivia), el Instituto Cubano del Arte y la Industria Cinematográfica (Cuba) y Matanza Cine (Argentina). Guión: Verónica Córdoba. Fotografía: Juan Pablo Urioste. Música: Oldrich Halas. Subtítulos en inglés. Selección de escenas, sinopsis, ficha técnica, ficha artística, backstage, trailer.
520 _aEn un lugar de Valle Grande, Bolivia, se encuentra enterrado Ernesto Che Guevara. Esta es la historia de tres generaciones de valle grandinos, donde las vidas de los protagonistas se entrelazan para narrar la historia de Valle Grande, un pequeño pueblo que por 30 años escondió los restos del revolucionario.
650 4 _aAMBIENTE RURAL
650 4 _aBOLIVIA
650 4 _aDRAMA
650 4 _aPOBLACION RURAL
650 4 _aREVOLUCION
651 4 _aBolivia
653 _aCINE BOLIVIANO
653 _aDVD
653 _aGUEVARA, ERNESTO CHE
653 _aVIDEOS
905 _a50891
942 _cDVD
999 _c54032
_d54032